| 000 | 00780nam a22002177a 4500 | ||
|---|---|---|---|
| 999 |
_c6579 _d6579 |
||
| 003 | AR-CdUCM | ||
| 008 | 190318b ||||| |||| 00| 0 spa d | ||
| 040 |
_aMUNICIPALIDAD PROVINCIAL DEL CUSCO _cBIBLIOTECA MUNICIPAL DEL CUSCO |
||
| 082 |
_a985.061 / _bM58 |
||
| 100 |
_aMilla Batres, Carlos _914813 |
||
| 245 | _aMemorias del Mariscal Andres A. Caceres / | ||
| 260 |
_aLima : _bMilla Batres, _c1986. |
||
| 300 |
_a246 paginas ; _c24 cm. |
||
| 505 | _aContenido : Evacuación de Chosica por los chilenos -- Sucesos políticos -- La asamblea de Ayacucho -- Proyectos de viaje a Chancay ... | ||
| 650 |
_a Guerra con Chile _918539 |
||
| 650 |
_aHistoria del Perú _9259 |
||
| 650 |
_aRepública _9831 |
||
| 700 |
_aGuerrero, Julio C _99626 |
||
| 942 |
_2ddc _cLIBROS |
||
| 945 | _arah | ||